000 00779cab a2200277 4500
001 WB3340-28
008 090401t1997 xxu||||| |||| 00| 0 eng d
035 _a(Sirsi) u81516
041 _aeng
245 _aJapan`s property market
260 _c1997
350 _a0
490 _aFinancial Times
_v17 October 1997, 4(4)
520 _aJapan has drawn up a package containing tax reforms and deregulation to stimulate investor interest in the ailing property market. Statistics.
650 _aASIA
650 _aINVESTORS
650 _aJAPAN
650 _aPROPERTY ASSETS
650 _aPROPERTY INVESTMENT
650 _aSECURITISATION
650 _aTAX REFORM
650 _aTOKYO
690 _aOVERSEAS-REST OF THE WORLD
942 _n0
948 _c17/10/1997
999 _c51358
_d51358